000 00462ntaaa2200193 4500
003 01
005 20251027201441.0
008 0714s1973 ag 01
040 _aAR-BaBN
_bspa
_cAR-BaBN
_eaacr
_dRIC
082 _a226.2000 H65
100 _aHobbs, Herschel H.
245 _aGospel of Matthew
250 _a1 ed.
260 _aGrand Rapids :
_bBaker Book House,
_c1963
300 _a138 p.
650 _aN.T.-Mateo
_913112
650 _aMateo
_94387
942 _cBK
999 _c9015
_d9015